000 007350000a22002050004500
001 705
020 _a0-9702202-6-X
041 0 _aSPA
082 0 4 _aG 261.835 G1623a
100 1 _aGallagher, Steve
245 1 0 _aEn el altar de la idolatría sexual / Steve Gallagher ; Adolfo Bonilla, Traductor.
260 _aManagua, Nicaragua : FUNAD
300 _a272 Pág.
500 _aTítulo original : At the altar of sexual idolatry Prológo por Edwin Louis Cole.
942 _cBK
999 _c32173
_d32173
336 _atexto
_btxt
_2rdacontent
337 _2rdamedia
_asin mediación
_bn
338 _2rdacarrier
_avolumen
_bnc
773 0 _066998
_979909
_aGallagher, Steve
_b
_d
_o10931
_tEn el altar de la idolatría sexual :
_w(CO-MdFUSB)768714001
_x
_z[No incluye ISBN]